{"text_format":"3","workbook":"xls","n_sheets":9,"sheets":["9.15","9.17","9.18","9.19","9.20","9.21","9.22","9.26","9.30"],"read":"whole","date_system":"1900","formulas":"cached_only"}

{"sheet":"9.15","index":0,"n_rows":22,"n_cols":12,"rows_kept":22,"merged":[[0,0,0,11],[1,0,1,11],[2,0,2,11]],"flags":["formulas_cached_only"]}
["五金收料统计日报表"]
["日期： 2018  年 09  月 15  日                             填表人： 吴艳苓"]
["单位：江苏大力神管桩有限公司巨野分公司"]
["入库单号","品名","规格","数量","单位","单价","金额","供应商名称","联系方式","采购员","检验员","备注"]
["WIN005802","黄漆",null,1,"桶",160,160,"巨野县亚美涂料",null,"张传鹏","甘星允"]
["WIN005803","热镀锌管","DN40",1,"根",105,105,"巨野县大型管材钢板批发中心",13561376863,"张传鹏","甘星允"]
[null,"热镀锌管","DN50",5,"根",140,700,"巨野县大型管材钢板批发中心",13561376863,"张传鹏","甘星允"]
["WIN005804","扎丝",null,16,"斤",3,48,"巨野县嘉盛五金机电",18753016988,"张传鹏","甘星允"]
["WIN005805","直接","Φ16",100,"个",2.5,250,"巨野县润润五金门市",15764010539,"张传鹏","甘星允"]
["WIN005806","内磨机",null,1,"个",150,150,"巨野县嘉盛五金机电",18753016988,"张传鹏","甘星允"]
["WIN005807","绝缘棒",null,3,"根",20,60,"济宁市任城区山泉强力磁铁经销处",null,"张传鹏","甘星允"]
[null,"密封圈",100,1,"套",350,350,"济宁市任城区山泉强力磁铁经销处",null,"张传鹏","甘星允"]
["WIN005808","磨光机",null,1,"台",150,150,"巨野县嘉盛五金机电",18753016988,"张传鹏","甘星允"]
["WIN005809","墩头机密封圈",null,2,"套",11.3,22.6,"巨野县派龙工程机械门市部",null,"张传鹏","甘星允"]
["WIN005810","铁锨头",null,10,"个",15,150,"巨野县嘉盛五金机电",18753016988,"张传鹏","甘星允"]
["WIN005811","轴承",30217,8,"个",59,472,"巨野县泗春五金机电门市部",13561346099,"张传鹏","甘星允"]
[null,"焊条","Φ3.2",2,"箱",102,204,"巨野县泗春五金机电门市部",13561346099,"张传鹏","甘星允"]
[null,"焊条","Φ4.0",1,"箱",102,102,"巨野县泗春五金机电门市部",13561346099,"张传鹏","甘星允"]
[null,"钢卷尺","5米",3,"个",5,15,"巨野县泗春五金机电门市部",13561346099,"张传鹏","甘星允"]
["WIN005812","小垃圾袋",null,20,"卷",1.5,30,"巨野县慧慧百货店",null,"张传鹏","甘星允"]
["WIN005814","电缆线","3*16+1",1,"盘",3450,3450,"邳州玲峰电器有限公司",null,"王成军","甘星允"]
["WIN005815","铜排","3000*80*10",6,"根",1226,7356,"苏州引流金属材料有限公司",null,"王成军","甘星允"]

{"sheet":"9.17","index":1,"n_rows":6,"n_cols":12,"rows_kept":6,"merged":[[0,0,0,11],[1,0,1,11],[2,0,2,11]],"flags":["formulas_cached_only"]}
["五金收料统计日报表"]
["日期： 2018  年 09  月 17  日                             填表人： 吴艳苓"]
["单位：江苏大力神管桩有限公司巨野分公司"]
["入库单号","品名","规格","数量","单位","单价","金额","供应商名称","联系方式","采购员","检验员","备注"]
["WIN005817","铜带","650*100",2,"桶",650,1300,"马鞍山顺昌机械科技有限公司",13952271884,"王成军","甘星允"]
["WIN005818","铜焊枪",null,1,"根",1600,1600,"江苏维骏工业设备有限公司",13952271884,"王成军","甘星允"]

{"sheet":"9.18","index":2,"n_rows":27,"n_cols":12,"rows_kept":27,"merged":[[0,0,0,11],[1,0,1,11],[2,0,2,11]],"flags":["formulas_cached_only"]}
["五金收料统计日报表"]
["日期： 2018  年 09  月 18  日                             填表人： 吴艳苓"]
["单位：江苏大力神管桩有限公司巨野分公司"]
["入库单号","品名","规格","数量","单位","单价","金额","供应商名称","联系方式","采购员","检验员","备注"]
["WIN005838","工业用盐","50KG",5000,"KG",0.48,2400,"山东省盐业集团菏泽有限公司巨野分公司","05308256194","张传鹏","甘星允"]
["WIN005839","轴承",30217,8,"套",59,472,"巨野县泗春五金机电门市部",13561346099,"张传鹏","甘星允"]
[null,"轴承","22224CA",4,"套",260,1040,"巨野县泗春五金机电门市部",13561346099,"张传鹏","甘星允"]
["WIN005840","大垃圾袋",null,4,"包",20,80,"巨野商业街",null,"张传鹏","甘星允"]
["WIN005842","导电套（加工件）","24*62",4,"件",20,80,"巨野县麒麟镇瑞麟机床加工件",18253062776,"张传鹏","甘星允"]
["WIN005843","PVC线管","Φ16",2,"根",3.5,7,"巨野县豪德五金机电批发部",18816075138,"张传鹏","甘星允"]
[null,"PVC线槽",null,10,"根",2.5,25,"巨野县豪德五金机电批发部",18816075138,"张传鹏","甘星允"]
[null,"护套线","2*1.5",1,"盘",175,175,"巨野县豪德五金机电批发部",18816075138,"张传鹏","甘星允"]
[null,"胀丝胀管",null,2,"包",2,4,"巨野县豪德五金机电批发部",18816075138,"张传鹏","甘星允"]
["WIN005844","空滤总成",null,4,"个",28,112,"上海布利斯托压缩机有限公司",18930829343,"张传鹏","甘星允"]
[null,"排气管",null,1,"套",205,205,"上海布利斯托压缩机有限公司",18930829343,"张传鹏","甘星允"]
[null,"活塞环",null,3,"付",18,54,"上海布利斯托压缩机有限公司",18930829343,"张传鹏","甘星允"]
[null,"活塞",null,2,"个",36,72,"上海布利斯托压缩机有限公司",18930829343,"张传鹏","甘星允"]
["WIN005845","连杆",null,2,"根",59,118,"上海布利斯托压缩机有限公司",18930829343,"张传鹏","甘星允"]
[null,"排气阀片",null,3,"套",20,60,"上海布利斯托压缩机有限公司",18930829343,"张传鹏","甘星允"]
[null,"进排气阀",null,1,"套",8,8,"上海布利斯托压缩机有限公司",18930829343,"张传鹏","甘星允"]
[null,"进排气阀板总成（含O型圈）",null,1,"个",65,65,"上海布利斯托压缩机有限公司",18930829343,"张传鹏","甘星允"]
["WIN005846","不锈钢焊条","Φ3.2",1,"把",60,60,"巨野县泗春五金机电门市部",13561346099,"张传鹏","甘星允"]
[null,"风炮套头","Φ30",30,"个",35,1050,"巨野县泗春五金机电门市部",13561346099,"张传鹏","甘星允"]
["WIN005847",{"$nulls":6},"江苏大力神",13952271884,"王成军","甘星允"]
[null,"江苏大力神",{"$nulls":5},"江苏大力神",13952271884,"王成军","甘星允"]
[null,"江苏大力神",{"$nulls":5},"江苏大力神",13952271884,"王成军","甘星允"]
[null,"江苏大力神",{"$nulls":5},"江苏大力神",13952271884,"王成军","甘星允"]

{"sheet":"9.19","index":3,"n_rows":13,"n_cols":12,"rows_kept":13,"merged":[[0,0,0,11],[1,0,1,11],[2,0,2,11]],"flags":["formulas_cached_only"]}
["五金收料统计日报表"]
["日期： 2018  年 09  月 19 日                             填表人： 吴艳苓"]
["单位：江苏大力神管桩有限公司巨野分公司"]
["入库单号","品名","规格","数量","单位","单价","金额","供应商名称","联系方式","采购员","检验员","备注"]
["WIN005855","南孚电池","5号",10,"节",2.5,25,"巨野县嘉盛五金机电",18753016988,"张传鹏","甘星允"]
["WIN005856","8.8级高强螺丝","16*70",50,"套",1.6,80,"巨野县泗春五金机电门市部",13561346099,"张传鹏","甘星允"]
[null,"8.8级高强螺丝","16*80",50,"套",1.65,82.5,"巨野县泗春五金机电门市部",13561346099,"张传鹏","甘星允"]
[null,"8.8级高强螺丝","16*90",50,"套",2.05,102.49999999999999,"巨野县泗春五金机电门市部",13561346099,"张传鹏","甘星允"]
["WIN005857","沉头螺丝","12*40",20,"套",0.66,13.200000000000001,"巨野县泗春五金机电门市部",13561346099,"张传鹏","甘星允"]
[null,"焊条","Φ4.0",2,"箱",105,210,"巨野县泗春五金机电门市部",13561346099,"张传鹏","甘星允"]
[null,"焊条",506,2,"箱",140,280,"巨野县泗春五金机电门市部",13561346099,"张传鹏","甘星允"]
["WIN005858","黄油","0号",6,"桶",200,1200,"张忠奎",18266402186,"张传鹏","甘星允"]
[null,"黄油","3号",3,"桶",200,600,"张忠奎",18266402186,"张传鹏","甘星允"]

{"sheet":"9.20","index":4,"n_rows":8,"n_cols":12,"rows_kept":8,"merged":[[0,0,0,11],[1,0,1,11],[2,0,2,11]],"flags":["formulas_cached_only"]}
["五金收料统计日报表"]
["日期： 2018  年 09  月 20 日                             填表人： 吴艳苓"]
["单位：江苏大力神管桩有限公司巨野分公司"]
["入库单号","品名","规格","数量","单位","单价","金额","供应商名称","联系方式","采购员","检验员","备注"]
["WIN005865","铜带","650*100*10",5,"个",650,3250,"马鞍山顺昌机械科技有限公司",18753016988,"王成军","甘星允"]
["WIN005866","洗衣粉",null,140,"袋",2.82857143,396,"周郢",18753016989,"王成军","甘星允"]
["WIN005867","氧气",null,10,"瓶",30,300,"巨野巨泰气体站",18765016777,"张传鹏","甘星允"]
[null,"乙炔",null,7,"瓶",65,455,"巨野巨泰气体站",18765016778,"张传鹏","甘星允"]

{"sheet":"9.21","index":5,"n_rows":5,"n_cols":12,"rows_kept":5,"merged":[[0,0,0,11],[1,0,1,11],[2,0,2,11]],"flags":["formulas_cached_only"]}
["五金收料统计日报表"]
["日期： 2018  年 09  月 21 日                             填表人： 吴艳苓"]
["单位：江苏大力神管桩有限公司巨野分公司"]
["入库单号","品名","规格","数量","单位","单价","金额","供应商名称","联系方式","采购员","检验员","备注"]
["WIN005873","风镐","G7",2,"台",533,1066,"山东安煤机械设备有限公司",15629968953,"张传鹏","甘星允"]

{"sheet":"9.22","index":6,"n_rows":5,"n_cols":12,"rows_kept":5,"merged":[[0,0,0,11],[1,0,1,11],[2,0,2,11]],"flags":["formulas_cached_only"]}
["五金收料统计日报表"]
["日期： 2018  年 09  月 21 日                             填表人： 吴艳苓"]
["单位：江苏大力神管桩有限公司巨野分公司"]
["入库单号","品名","规格","数量","单位","单价","金额","供应商名称","联系方式","采购员","检验员","备注"]
["WIN005873","风镐","G7",2,"台",533,1066,"山东安煤机械设备有限公司",15629968953,"张传鹏","甘星允"]

{"sheet":"9.26","index":7,"n_rows":6,"n_cols":12,"rows_kept":6,"merged":[[0,0,0,11],[1,0,1,11],[2,0,2,11]],"flags":["formulas_cached_only"]}
["五金收料统计日报表"]
["日期： 2018  年 09  月 26 日                             填表人： 吴艳苓"]
["单位：江苏大力神管桩有限公司巨野分公司"]
["入库单号","品名","规格","数量","单位","单价","金额","供应商名称","联系方式","采购员","检验员","备注"]
["WIN005929","胶塞","Φ500",20,"个",71,1420,"镇江协浩机电设备有限公司",18753016988,"王成军","甘星允"]
[null,"胶塞","Φ400",20,"个",58,1160,"镇江协浩机电设备有限公司",18753016988,"王成军","甘星允"]

{"sheet":"9.30","index":8,"n_rows":55,"n_cols":12,"rows_kept":55,"merged":[[0,0,0,11],[1,0,1,11],[2,0,2,11]],"flags":["formulas_cached_only"]}
["五金收料统计日报表"]
["日期： 2018  年 09  月 30 日                             填表人： 吴艳苓"]
["单位：江苏大力神管桩有限公司巨野分公司"]
["入库单号","品名","规格","数量","单位","单价","金额","供应商名称","联系方式","采购员","检验员","备注"]
["WIN005942","氧气",null,4,"瓶",30,120,"巨野县巨泰气体站二站",18765016777,"张传鹏","甘星允"]
[null,"乙炔",null,6,"瓶",65,390,"巨野县巨泰气体站二站",18765016777,"张传鹏","甘星允"]
["WIN005943","胶",801,6,"袋",15,90,"巨野县亚美涂料",18266402186,"张传鹏","甘星允"]
["WIN005944","本子",null,5,"本",2,10,"巨野县晨风文具商行",18653006669,"张传鹏","甘星允"]
["WIN005945","行程开关","ME5104",2,"个",20,40,"巨野县豪德五金机电批发部",18816075138,"张传鹏","甘星允"]
[null,"磁灯头",null,5,"个",2,10,"巨野县豪德五金机电批发部",18816075138,"张传鹏","甘星允"]
["WIN005946","空压机油","18升",1,"桶",230,230,"张中奎",18266402186,"张传鹏","甘星允"]
["WIN005947","无缝管","DN15",20.7,"米",12,248.39999999999998,"巨野县大型管材钢板批发中心",13561376863,"张传鹏","甘星允"]
["WIN005948","磨光机",null,1,"台",150,150,"巨野县嘉盛五金机电",18753016988,"张传鹏","甘星允"]
["WIN005949","轴承",21320,2,"套",360,720,"巨野县泗春五金机电门市部",13561346099,"张传鹏","甘星允"]
[null,"轴承",30217,8,"个",59,472,"巨野县泗春五金机电门市部",13561346099,"张传鹏","甘星允"]
[null,"轴承",6001,10,"个",2.6,26,"巨野县泗春五金机电门市部",13561346099,"张传鹏","甘星允"]
[null,"生胶带",null,20,"个",1,20,"巨野县泗春五金机电门市部",13561346099,"张传鹏","甘星允"]
[null,"铆钉",null,1,"包",20,20,"巨野县泗春五金机电门市部",13561346099,"张传鹏","甘星允"]
["WIN005950","导绳器","3T",3,"个",45,135,"济宁市任城区永胜机电",13953720656,"张传鹏","甘星允"]
["WIN005951","链条","16-1单排",2,"个",100,200,"巨野县兴强轴承销售中心",15163085678,"张传鹏","甘星允"]
["WIN005952","螺杆泵","ZGD",1,"台",200,200,"巨野县德重电器维修中心",13561346067,"张传鹏","甘星允"]
["WIN005953","电磁阀线圈","801-220V",10,"个",9,90,"巨野县兴强轴承销售中心",15163085678,"张传鹏","甘星允"]
["WIN005954","开口销",null,38,"斤",4.5,171,"巨野县兴强轴承销售中心",15163085678,"张传鹏","甘星允"]
["WIN005955","电磁阀线圈",null,10,"个",9,90,"巨野县润润五金门市",15764010539,"张传鹏","甘星允"]
[null,"密封胶",588,10,"个",4,40,"巨野县润润五金门市",15764010539,"张传鹏","甘星允"]
["WIN005956","热熔活节","Φ32",1,"个",3,3,"巨野县润润五金门市",15764010539,"张传鹏","甘星允"]
[null,"热熔外牙直接","Φ32",1,"个",4,4,"巨野县润润五金门市",15764010539,"张传鹏","甘星允"]
["WIN005957","齿轮油","18升",3,"桶",240,720,"张中奎",18266402186,"张传鹏","甘星允"]
["WIN005958","按钮","NP3-3",5,"个",55,275,"巨野县豪德五金机电批发部",18816075138,"张传鹏","甘星允"]
["WIN005959","轴承",22224,2,"个",260,520,"巨野县兴强轴承销售中心",15163085678,"张传鹏","甘星允"]
["WIN005960","电焊帽",null,5,"个",5,25,"巨野县润润五金门市",15764010539,"张传鹏","甘星允"]
["WIN005961","黄油嘴",null,10,"个",1,10,"张中奎",18266402186,"张传鹏","甘星允"]
["WIN005962","疏通器","好",1,"个",50,50,"巨野县润润五金门市",15764010539,"张传鹏","甘星允"]
["WIN005963","潜水泵","0.75KW",1,"台",300,300,"巨野县德重电器维修中心",13561346067,"张传鹏","甘星允"]
["WIN005964","接线轴",180,3,"个",10,30,"巨野县德重电器维修中心",13561346067,"张传鹏","甘星允"]
["WIN005965","镀锌管","DN25",4,"个",70,280,"巨野县大型管材钢板批发中心",13561376863,"张传鹏","甘星允"]
["WIN005966","气动蝶阀","Φ50",2,"套",150,300,"巨野县润润五金门市",15764010539,"张传鹏","甘星允"]
[null,"镀锌弯头","Φ25",4,"个",2.5,10,"巨野县润润五金门市",15764010539,"张传鹏","甘星允"]
["WIN005967","开口销",null,33,"斤",4.5,148.5,"巨野县兴强轴承销售中心",15163085678,"张传鹏","甘星允"]
["WIN005968","高温法兰球阀","DN15",5,"个",40,200,"巨野县润润五金门市",15764010539,"张传鹏","甘星允"]
[null,"快速接头","12--03",10,"个",3,30,"巨野县润润五金门市",15764010539,"张传鹏","甘星允"]
[null,"金属垫片","Φ15",10,"个",1,10,"巨野县润润五金门市",15764010539,"张传鹏","甘星允"]
["WIN005969","托辊",240,20,"个",27,540,"济宁市任城区瑞成轴承工具经销处",13953720656,"张传鹏","甘星允"]
["WIN006008","LED灯","100W",5,"个",150,750,"巨野县豪德五金机电批发部",18816075138,"张传鹏","甘星允"]
[null,"电表箱",null,2,"个",15,30,"巨野县豪德五金机电批发部",18816075138,"张传鹏","甘星允"]
[null,"单相电子式电能表","10-40",1,"个",40,40,"巨野县豪德五金机电批发部",18816075138,"张传鹏","甘星允"]
["WIN006009","减速机","WPO80-20",1,"台",450,450,"济宁市科力达机电设备有限公司",15020299171,"张传鹏","甘星允"]
["WIN006010","钢丝管","Φ50",8,"米",15,120,"巨野县德重电器维修中心",13561346067,"张传鹏","甘星允"]
["WIN006011","丝锥","Φ20",1,"付",15,15,"巨野县泗春五金机电门市部",13561346099,"张传鹏","甘星允"]
[null,"轴承",30217,8,"个",59,472,"巨野县泗春五金机电门市部",13561346099,"张传鹏","甘星允"]
[null,"百叶片",100,30,"个",1.5,45,"巨野县泗春五金机电门市部",13561346099,"张传鹏","甘星允"]
[null,"磨片",100,50,"个",1.65,82.5,"巨野县泗春五金机电门市部",13561346099,"张传鹏","甘星允"]
["WIN006012","8.8级内六角螺丝","8*50",50,"套",0.32,16,"巨野县泗春五金机电门市部",13561346099,"张传鹏","甘星允"]
[null,"8.8级高强螺丝","20*110",60,"套",3.4,204,"巨野县泗春五金机电门市部",13561346099,"张传鹏","甘星允"]
[null,"沉头螺丝","12*40",100,"套",0.68,68,"巨野县泗春五金机电门市部",13561346099,"张传鹏","甘星允"]